000 00807nam a22002177a 4500
999 _c16496
_d16496
003 AR-CdUCM
008 190503b ||||| |||| 00| 0 spa d
040 _aMUNICIPALIDAD PROVINCIAL DEL CUSCO
_cBIBLIOTECA MUNICIPAL DEL CUSCO
082 _a864.71 /
_bV24
100 _aValle - Inclán, Ramón del
_929444
245 _aJardín umbrío :
_bHistorias de santos de almas en pena de duendes y ladrones /
260 _aBarcelona :
_bRua Nueva,
_c1942.
300 _a246 páginas ;
_c18 cm.
440 _aOpera Omnia.
_n3
_935971
505 _aContenido: Juan quinto -- La adoración de los reyes -- El miedo Tragedia de ensueño -- Beatriz -- Un Cabecilla ...
650 _aLiteratura Española
_9612
650 _aSiglo XX
_98
650 _aOpera
_912125
942 _2ddc
_cLIBROS
945 _aachl
_d2019-05-03